00540nam a22001817a 4500003000900000008004100009040007100050082001800121100002400139245006300163260001800226300002500244505002600269650002300295650001200318650001500330650001300345AR-CdUCM190307b ||||| |||| 00| 0 spa d aMUNICIPALIDAD PROVINCIAL DEL CUSCOcBIBLIOTECA MUNICIPAL DEL CUSCO a869.56 /bV29 aVargas Prada, Julio aLas manzanas todavía están prohibidas :bAñoranzas / aLima :c1966. a88 paginas ;c21 cm. aContenido : cuentos / aLiteratura peruana aCuentos aCostumbres aSiglo XX